Lübeck - Choix Multiples - Statistiques

Statistiques générales
  • Ce quiz a été pris 32 fois
  • Le résultat moyen est 6 sur 10
Statistiques - réponses
Question Réponse % Correct
Quelle grande ville allemande comprend aujourd'hui Lübeck dans sa zone d'attraction ? Hambourg
81%
Quelle ligue marchande du Moyen Âge était en partie dirigée depuis Lübeck ? Hanse
78%
À quelle mer la ville est-elle directement reliée ? Mer Baltique
78%
Qu'est-ce que la Holstentor ? Une porte monumentale héritée du Moyen-Âge
74%
Avec quel fruit est préparé le Marzipan, une spécialité dont Lübeck se proclame capitale ? Amande
70%
Quel objet insolite a longtemps été fabriqué à Lübeck et distribué à travers toute l'Europe ? Cône de signalisation
67%
Lorsque l'Allemagne était séparée en deux états, Lübeck se trouvait à la frontière. Mais de quel côté ? Allemagne de l'Ouest
59%
À quel auteur né à Lübeck doit-on les ouvrages La Mort à Venise (1912) ou Les Buddenbrook (1901) ? Thomas Mann
56%
Quel peuple germanique est historiquement originaire de la région de Lübeck ? Saxons
41%
Quel fleuve traverse la ville et la lie à la mer ? Trave
33%
Aucun quiz correspondant
Distribution des résultats
% des personnes avec chaque résultat
Percentile par nombre de réponses
Votre historique - résultats
Vous n’avez pas pris ce quiz